The Conversion,Improvement and Extension of Building

Salvato in:
Dettagli Bibliografici
Autori principali: Catt, Richard (Autore), Catt, Sarah (Autore)
Natura: Libro
Lingua:inglese
Pubblicazione: London : EG, 1981
Soggetti:
Tags: Aggiungi Tag
Nessun Tag, puoi essere il primo ad aggiungerne!!

MARC

LEADER 00000nam a22000003a 4500
001 stu10604
005 20150617225804.6
008 941020s1981----uk------------------eng-d
040 |a STU  |b slo 
041 0 |a eng 
044 |a uk 
100 1 |a Catt, Richard  |4 aut 
245 1 |a The Conversion,Improvement and Extension of Building 
260 |a London :  |b EG,  |c 1981 
300 |a 344 s 
650 7 |a konverzia budov  |2 stusub 
700 1 |a Catt, Sarah  |4 aut 
996 |b 284AU01079  |c A*809 U  |l AAKNAR  |s A  |a 24  |w stu10604_0001